000 00474nam a2200193Ia 4500
999 _c25255
_d25255
003 GCL
005 20240530101147.0
008 140319s9999 xx 000 0 eng d
040 _aGCL /
_cGCL
082 0 4 _a709.0216
_bB A
100 1 _aBARATTE, FRANCOIS
245 1 0 _aL'ART ROMAIN /
_cBARATTE, FRANCOIS
260 _a[S.N] :
_bFLAMMARION ،
_c1993
300 _a63
650 0 4 _aART
650 0 4 _aROMAN - ARCHITECTURE
650 0 4 _aROMANESQUE ART
942 _2ddc
_cBK